JJK (Jujutsu Kaisen) Characters By Emojis - Statistics

General Stats
  • This quiz has been taken 387 times
    377 since last reset
  • The average score is 11 of 115
Answer Stats
Hint Answer % Correct
2️⃣📅🐼🥊💪 Panda
45%
😈🌋🔥 Jogo
41%
1️⃣📅👩‍🦰🔨 Nobara Kugisaki
34%
👹👑⛩ Ryomen Sukuna
33%
🧑‍🦰🩸👬 Choso Kamo
30%
🐙🐟🌊😈 Dagon
29%
🏫😎6️⃣👀♾ Satoru Gojo
28%
2️⃣📅🧑‍🦰🗣🔊💥 Toge Inumaki
28%
🏫👩‍⚕️😴🚬 Shoko Ieiri
27%
🧑‍🦰⚖🧑‍⚖️ Hiromi Higuruma
26%
2️⃣📅🤕🤖 Kokichi Muta (Mechamaru)
26%
3️⃣📅😑🩸🏹 Noritoshi Kamo
26%
😈🌸🌳 Hanami
24%
👨‍💼⌚🔪 Kento Nanami
24%
👩‍🦰🤑🪓 Mei Mei
24%
3️⃣📅🧑‍🦰🎰 Kinji Hakari
23%
2️⃣📅🟩👩‍🦰🔫 Mai Zenin
22%
3️⃣📅🧑‍🦰👏 Aoi Todo
20%
2️⃣📅🟩👩‍🦰👓🦯 Maki Zenin
19%
3️⃣📅👩‍🦰🧹 Momo Nishimiya
19%
🏫🧑‍🦳🎸 Yoshinobu Gakuganji
19%
🪦🧠🧑‍🦰⚡ Hajime Kashimo
17%
👩👘🧊🦹‍♂️ Uraume
17%
1️⃣📅🧑‍🦰💪👊 Yuji Itadori
17%
👩🏍👊 Yuki Tsukumo
17%
🧑‍🦰🤡🥊 Fumihiko Takaba
16%
🏫🧑‍🦰🕶🧸 Masamichi Yaga
16%
🧠🧟‍♂️👺🧑‍🦰🩸 Noritoshi Kamo (Kenjaku)
16%
🧠🧟‍♂️👺 Kenjaku (Pseudo-Geto)
15%
😈🧵👤↔👤 Mahito
15%
🧠🧟‍♂️👺👩 Kaori Itadori (Kenjaku
14%
1️⃣📅🧑‍🦰1️⃣0️⃣⚫ Megumi Fushiguro
14%
👧🪦👻 Rika Orimoto
14%
2️⃣📅🧑‍🦰👻🗡 Yuta Okkotsu
14%
2️⃣📅🟦👩‍🦰🗡 Kasumi Miwa
13%
3️⃣📅👩✨ Kirara Hoshi
13%
🦗😈 Ko-Guy (Locust Guy)
13%
🧑‍🦰🗡💪🪱 Toji Fushiguro (Zenin)
13%
👩💡🪜 Hana Kurusu (Angel)
12%
⬜🛞🗡💪 Mahoraga
12%
👩😊🔫🪦 Riko Amanai
11%
1️⃣📅🧑‍🦰1️⃣7️⃣🪦 Yu Haibara
11%
🧑‍🦰👓🚕👔 Kiyotaka Ijichi
10%
🐉🌈😈 Rainbow Dragon
10%
🧑‍🦲🧟‍♂️🩸😈 Eso
9%
👩📲 Nanako Hasaba
9%
🧑‍🦰😊🐉 Suguru Geto
8%
🏫👩‍🦰🥺👘 Utahime Iori
8%
🧑‍🦳🏥🪦 Wasuke Itadori
8%
👩🚕👔 Akari Nitta
7%
🏫🧑‍🦰🗡🚬 Atsuya Kusakabe
7%
🧑‍🦰💣🖐💥 Iori Hazenoki
7%
🧑‍🦰🧾➡🙌 Reggie Star
7%
😮🧟‍♂️🩸😈 Kechizu
6%
🪳🪓😈 Kurourushi
6%
👩🪮🦂 Remi
6%
👩⌛🔜👽😈 Tengen
6%
🟦👦 Ui Ui
6%
👩🙌🎱🦋 Yorozu
6%
🧑‍🦰🪮🚁 Haba
5%
🧑‍🦰🕶🕺 Miguel
5%
👩🧸🪢 Mimiko Hasaba
5%
🧑‍🦳🏃‍♂️👊🔝 Naobito Zenin
5%
🧑‍🦰🏃‍♂️👊🪮🪦 Naoya Zenin
5%
⚪🔛🔴👩🌫 Takako Uro
5%
🧑‍🦰😷💧🐉 Takuma Ino
4%
🏫👩‍🦰💗😳 Yuko Ozawa
4%
1️⃣📅🧑‍🦰🧤👔 Arata Nitta
3%
👩🪮🛬 Hanyu
3%
🧑‍🦰🗡😱😈 Haruta Shigemo
3%
🪱👛😈 Inventory Curse
3%
🧑‍🦰😑👊👊🪦 Jinichi Zenin
3%
🧑‍🦰🤕💀🐙 Junpei Yoshino
3%
🧑‍🦰🪓🦾😈 Juzo Kumiya
3%
👩🧹🪦 Misato Kuroi
3%
👩👩‍👦🚬🪦 Nagi Yoshino
3%
🧑‍🦳🗡🔥🪦 Obi Zenin
3%
👩‍🦳🦯🪦 Ogami
3%
🧑‍🦰🪮🔫⚡ Ryu Ishigori
3%
🧑‍🦰🦯🗒 Charles Bernard
2%
🐘😈👊🪦 Ganesha
2%
🧑‍🦰🙌👀🪦 Ranta Zenin
2%
🧑‍🦰🍙➡🧑‍🦰 Rin Amai
2%
🤌🪲😈 Smallpox Diety
2%
👩💤➡👩🎱🦋 Tsukimi Fushiguro
2%
🧑‍🦳🌏🫨🪦 Chojuro Zenin
1%
🧑‍🦰🪦➡🏃‍♂️😈 Cursed Naoya
1%
🧑‍🦰🇺🇸👔🦹‍♂️ Cyrus Veil
1%
🤚😈 Finger Bearer Curse
1%
🧑‍🦰👓💘😵‍💫 Jin Itadori
1%
🧑‍🦰🤌🔪🦹‍♂️ Jiro Awasaka
1%
👩👀✂😈 Kuchisake-Onna
1%
🧑‍🦰🙌💖 Larue
1%
👩💅📋🦹‍♂️ Manami Suda
1%
🧑‍🦰🗡🪦 Nobuaki Zenin
1%
🏫👩💃 Nobuko Takada (Takada-chan)
1%
🧑‍🦰🥋 Rokujushi Miyo
1%
🏫👩👩‍💻🌆 Saori
1%
🐗😈🛻🪦 Akuro-o Otake
0%
🧑‍🦰😷💪🦹‍♂️ Bayer
0%
🧑‍🦰🙌⚫✂ Chizuru Hari
0%
🧑‍🦳🔃🐁 Dhruv Lakdawalla
0%
🏫👩🔕 Fumi
0%
🧑‍🦰🇺🇸🪖🦹‍♂️ Garry K. Johnson
0%
🧑‍🦰🦯🧑‍🏫👩 Hagane Daido
0%
🧑‍🦰😷🦹‍♂️ Kokun
0%
🧑‍🦰🦮🪦 Niji Ebina
0%
🏫👩‍🦰👓🔬 Setsuko Sasaki
0%
🧑‍🦰🦹‍♂️🔝⌛ Shigeru Sonoda
0%
🧑‍🦳🩸🧟‍♂️🧠 Shino
0%
🧑‍🦰👔🚬⌛ Shiu Kong
0%
🏫🧑‍🦰🤜🧑‍🦰 Shota Ito
0%
🏫🧑‍🦰😑🔬 Takeshi Iguchi
0%
🧑‍🦰🎎😈 Tammo-no-Mae
0%
🧑‍🦰💪😷🗡🦹‍♂️ Toshihisa Negi
0%
No matching quizzes found
Score Distribution
Percent of People with Each Score
Percentile by Number Answered
Your Score History
You have not taken this quiz since the last reset